Daňovníctvo zbierka riešených a neriešených príkladov
Gespeichert in:
| 1. Verfasser: | |
|---|---|
| Weitere Verfasser: | , , |
| Format: | Buch |
| Sprache: | Slowakisch |
| Veröffentlicht: |
Bratislava
Wolters Kluwer SR
2023
|
| Ausgabe: | 2. prepracované a aktualizované vydanie |
| Schlagworte: | |
| Tags: |
Keine Tags, Fügen Sie das erste Tag hinzu!
|
MARC
| LEADER | 00000nam a2200000 4500 | ||
|---|---|---|---|
| 001 | 0296301 | ||
| 005 | 20260226160142.7 | ||
| 020 | |a 978-80-571-0594-7 | ||
| 041 | 0 | |a slo | |
| 044 | |a SK | ||
| 245 | 1 | 0 | |a Daňovníctvo |b zbierka riešených a neriešených príkladov |c Jana Kušnírová, Juraj Válek ; recenzenti: Zuzana Korytárová, Tomáš Ciran |
| 250 | |a 2. prepracované a aktualizované vydanie | ||
| 264 | 1 | |a Bratislava |b Wolters Kluwer SR |c 2023 | |
| 300 | |a 184 s. [7,3 AH] | ||
| 610 | 2 | 0 | |a dane |
| 610 | 2 | 0 | |a dane priame |
| 610 | 2 | 0 | |a dane nepriame |
| 610 | 2 | 0 | |a dane z príjmov |
| 610 | 2 | 0 | |a dane majetkové |
| 610 | 2 | 0 | |a dane z vozidiel motorových |
| 610 | 2 | 0 | |a dane z hodnoty pridanej |
| 610 | 2 | 0 | |a dane spotrebné |
| 100 | 1 | |a Kušnírová, Jana, 1977- | |
| 700 | 1 | |a Válek, Juraj, 1981- | |
| 700 | 1 | |a Korytárová, Zuzana | |
| 700 | 1 | |a Ciran, Tomáš | |